Trade unionists, party activists, and politicians (Record no. 15342)

000 -LEADER
fixed length control field 00486pab a2200145 454500
008 - FIXED-LENGTH DATA ELEMENTS--GENERAL INFORMATION
fixed length control field 180718b1987 xxu||||| |||| 00| 0 eng d
100 ## - MAIN ENTRY--PERSONAL NAME
Personal name Koelbel, Thomas A.
245 ## - TITLE STATEMENT
Title Trade unionists, party activists, and politicians
Remainder of title The struggle for power over party rules in the British Labour Party and the West German Social Democratic Party
260 ## - PUBLICATION, DISTRIBUTION, ETC.
Date of publication, distribution, etc. 1987
300 ## - PHYSICAL DESCRIPTION
Extent 253-66
362 ## - DATES OF PUBLICATION AND/OR SEQUENTIAL DESIGNATION
Dates of publication and/or sequential designation Apr.
650 ## - SUBJECT ADDED ENTRY--TOPICAL TERM
Topical term or geographic name entry element Political Parties - U.K.
773 ## - HOST ITEM ENTRY
Main entry heading Comparative Politics
909 ## -
-- 15342
Holdings
Withdrawn status Lost status Damaged status Not for loan Permanent Location Current Location Date acquired Serial Enumeration / chronology Barcode Date last seen Price effective from Koha item type
        Indian Institute of Public Administration Indian Institute of Public Administration 2018-07-19 Volume no: 19, Issue no: 3 AR15398 2018-07-19 2018-07-19 Articles

Powered by Koha